[Event "Biel Rapid op 58th"]
[Site "Biel"]
[Date "2025.07.13"]
[Round "7"]
[White "Karthikeyan, Murali"]
[Black "Yilmaz, Mustafa"]
[Result "0-1"]
[WhiteElo "2650"]
[BlackElo "2586"]
[PlyCount "88"]
[EventDate "2025.07.13"]
[EventType "swiss (rapid)"]
[EventRounds "9"]
[EventCountry "SUI"]
[SourceTitle "CB29_2025"]
[SourceDate "2025.07.16"]
[SourceVersion "1"]
[SourceVersionDate "2025.07.16"]
[SourceQuality "1"]

1. e4 e5 2. Nf3 Nc6 3. Nc3 Nf6 4. Bb5 Nd4 5. 0-0 c6 6. Bc4 d6 7. h3 Nxf3+ 8. Qxf3 Be7 9. a4 0-0 10. d3 Be6 11. Bxe6 fxe6 12. Qe2 Qe8 13. Be3 Qg6 14. a5 d5 15. Bd2 Bd6 16. Rae1 b5 17. axb6 axb6 18. Nd1 Nd7 19. Ne3 Ra2 20. Bc1 Bc5 21. Ng4 Bd4 22. Qd2 h5 23. Nh2 Bc5 24. Kh1 Ra4 25. Nf3 Bb4 26. c3 Bd6 27. Qc2 Rfa8 28. Ng5 Be7 29. Nf3 Bd6 30. Ng5 Be7 31. h4 Nc5 32. f3 Bxg5 33. Bxg5 Ra2 34. Be3 Qg3 35. Bf2 Qf4 36. Qb1 Qd2 37. Bxc5 bxc5 38. Qd1 Rxb2 39. Qxd2 Rxd2 40. exd5 cxd5 41. Rxe5 Raa2 42. Rg1 Rxd3 43. c4 Rd4 44. cxd5 Rxh4# 0-1

[Event "Biel Rapid op 58th"]
[Site "Biel"]
[Date "2025.07.13"]
[Round "6"]
[White "Vilaseca, Laurent"]
[Black "Karthikeyan, Murali"]
[Result "0-1"]
[WhiteElo "2072"]
[BlackElo "2650"]
[PlyCount "66"]
[EventDate "2025.07.13"]
[EventType "swiss (rapid)"]
[EventRounds "9"]
[EventCountry "SUI"]
[SourceTitle "CB29_2025"]
[SourceDate "2025.07.16"]
[SourceVersion "1"]
[SourceVersionDate "2025.07.16"]
[SourceQuality "1"]

1. d4 Nf6 2. Nf3 g6 3. c4 Bg7 4. Nc3 0-0 5. g3 d6 6. Bg2 c6 7. 0-0 Bf5 8. h3 Ne4 9. Qb3 Nxc3 10. bxc3 Qc8 11. Kh2 Nd7 12. Nd2 e5 13. Bb2 Be6 14. Qc2 Nb6 15. Qd3 f5 16. e3 e4 17. Qe2 Qd7 18. Rfb1 Qf7 19. Bf1 c5 20. a4 Rfc8 21. a5 cxd4 22. axb6 dxc3 23. Bxc3 Bxc3 24. Rxa7 Rxa7 25. bxa7 Ra8 26. Rc1 Be5 27. Nb3 Rxa7 28. Nd4 Bd7 29. Qb2 Qf6 30. Qb6 Ra2 31. Kg1 f4 32. gxf4 Bxd4 33. Qxd4 Qh4 0-1

[Event "FRA-chT Top 16 Haute"]
[Site "Belfort"]
[Date "2025.05.31"]
[Round "3.1"]
[White "Suleymanli, Aydin Elshan"]
[Black "Karthikeyan, Murali"]
[Result "0-1"]
[WhiteElo "2617"]
[BlackElo "2658"]
[PlyCount "98"]
[EventDate "2025.05.29"]
[EventType "team-tourn"]
[EventRounds "4"]
[EventCountry "FRA"]
[SourceTitle "CB23_2025"]
[SourceDate "2025.06.04"]
[SourceVersion "1"]
[SourceVersionDate "2025.06.04"]
[SourceQuality "1"]
[WhiteTeam "Marseille"]
[BlackTeam "Cannes"]
[WhiteTeamCountry "FRA"]
[BlackTeamCountry "FRA"]

1. e4 c5 2. Nf3 Nc6 3. Bb5 g6 4. 0-0 Bg7 5. d3 d6 6. Bxc6+ bxc6 7. e5 dxe5 8. Re1 f6 9. Nc3 Nh6 10. Be3 Qa5 11. Nd2 0-0 12. Nce4 Qc7 13. f3 Nf5 14. Bf2 Be6 15. Nxc5 Bf7 16. b4 a5 17. bxa5 Rxa5 18. a4 Rfa8 19. Ndb3 R5a7 20. Qd2 h5 21. a5 Nd4 22. c4 Qd6 23. f4 Bh6 24. fxe5 Bxd2 25. exd6 Bxe1 26. Bxd4 exd6 27. Rxe1 dxc5 28. Bc3 g5 29. Kf2 Bg6 30. Rd1 Kf7 31. Rd2 h4 32. Ke1 f5 33. Ra2 f4 34. Nxc5 Re7+ 35. Re2 g4 36. Rxe7+ Kxe7 37. Bd2 g3 38. hxg3 fxg3 39. a6 Kd6 40. Be3 Re8 41. Kd2 Kc7 42. a7 Ra8 43. Nb3 Bh5 44. Ke1 Re8 45. Kd2 Kb7 46. Na5+ Ka8 47. Nxc6 Bf3 48. Nd4 Bxg2 49. Bg1 h3 0-1

[Event "FRA-chT Top 16 GpA"]
[Site "Belfort"]
[Date "2025.05.23"]
[Round "2.1"]
[White "Eugene, Floryan"]
[Black "Karthikeyan, Murali"]
[Result "0-1"]
[WhiteElo "2469"]
[BlackElo "2658"]
[PlyCount "114"]
[EventDate "2025.05.22"]
[EventType "team-tourn"]
[EventRounds "7"]
[EventCountry "FRA"]
[SourceTitle "CB22_2025"]
[SourceDate "2025.05.28"]
[SourceVersion "1"]
[SourceVersionDate "2025.05.28"]
[SourceQuality "1"]
[WhiteTeam "Le Mans"]
[BlackTeam "Cannes"]
[WhiteTeamCountry "FRA"]
[BlackTeamCountry "FRA"]

1. e4 c5 2. Nf3 Nc6 3. d4 cxd4 4. Nxd4 Nf6 5. Nc3 d6 6. f3 a6 7. Be3 Qc7 8. Qd2 e6 9. 0-0-0 Be7 10. g4 Nd7 11. f4 b5 12. e5 Nxd4 13. exd6 Bxd6 14. Bg2 Rb8 15. Ne4 Bxf4 16. Qxd4 Be5 17. Qb4 Bb7 18. Rxd7 Qxd7 19. Nc5 Bd6 20. Nxd7 Bxb4 21. Nxb8 Bxg2 22. Rd1 Bd5 23. Nxa6 Ba5 24. Bc5 h5 25. g5 f6 26. gxf6 gxf6 27. Nb4 Bxb4 28. Bxb4 Rg8 29. Bc3 Ke7 30. Bd4 Rg2 31. Rd2 e5 32. Bc5+ Ke6 33. Rxg2 Bxg2 34. b3 f5 35. a4 bxa4 36. bxa4 f4 37. Kd2 Bf1 38. Ke1 Ba6 39. Kf2 e4 40. a5 Kf5 41. Bb6 Kg4 42. Bc5 h4 43. Kg2 Kf5 44. h3 e3 45. Be7 Bb7+ 46. Kf1 Ke4 47. Bxh4 Kf3 48. Bg5 Ba6+ 49. Ke1 Ke4 50. Bf6 f3 51. Bh4 Kf4 52. Bf2 exf2+ 53. Kxf2 Bb7 54. c4 Bc6 55. c5 Ba8 56. a6 Bc6 57. a7 Ba8 0-1

[Event "Titled Tuesday intern op 20th May Late"]
[Site "Chess.com INT"]
[Date "2025.05.20"]
[Round "4"]
[White "Burmakin, Vladimir"]
[Black "Karthikeyan, Murali"]
[Result "0-1"]
[WhiteElo "2435"]
[BlackElo "2658"]
[PlyCount "68"]
[EventDate "2025.05.20"]
[EventType "swiss (blitz)"]
[EventRounds "11"]
[EventCountry "USA"]
[SourceTitle "CB22_2025"]
[SourceDate "2025.05.28"]
[SourceVersion "1"]
[SourceVersionDate "2025.05.28"]
[SourceQuality "1"]

1. d4 Nf6 2. Nf3 e6 3. g3 g6 4. Bg2 Bg7 5. 0-0 0-0 6. c4 b6 7. Ne5 c6 8. Nc3 Ba6 9. b3 Qc7 10. Ba3 d6 11. Nd3 Rd8 12. Rc1 Bb7 13. e4 e5 14. d5 c5 15. f4 exf4 16. gxf4 Nbd7 17. Bb2 a6 18. Ne2 Nh5 19. Bxg7 Nxg7 20. Ng3 Re8 21. Qd2 Re7 22. f5 Ne8 23. Qg5 Ne5 24. Nxe5 Rxe5 25. Qh4 Qe7 26. f6 Qd8 27. Kh1 Bc8 28. Rc2 b5 29. Rcf2 bxc4 30. bxc4 Rb8 31. Qh6 Qa5 32. Rf4 Qd2 33. R1f2 Rb1+ 34. Bf1 Qe3 0-1

[Event "Titled Tuesday intern op 20th May Late"]
[Site "Chess.com INT"]
[Date "2025.05.20"]
[Round "5"]
[White "Karthikeyan, Murali"]
[Black "Ozates, Tuna"]
[Result "1-0"]
[WhiteElo "2658"]
[BlackElo "2217"]
[PlyCount "67"]
[EventDate "2025.05.20"]
[EventType "swiss (blitz)"]
[EventRounds "11"]
[EventCountry "USA"]
[SourceTitle "CB22_2025"]
[SourceDate "2025.05.28"]
[SourceVersion "1"]
[SourceVersionDate "2025.05.28"]
[SourceQuality "1"]

1. Nf3 d6 2. d4 Nf6 3. c4 Nbd7 4. Nc3 e5 5. e4 Be7 6. d5 0-0 7. h3 Nc5 8. Qc2 a5 9. Be3 b6 10. Be2 Ne8 11. Nd2 f5 12. exf5 Bxf5 13. Nde4 Nf6 14. Bxc5 bxc5 15. Nxf6+ Rxf6 16. Bd3 Bxd3 17. Qxd3 Rf4 18. Ne4 a4 19. g3 Rf8 20. 0-0 Rb8 21. Rab1 Qe8 22. Kg2 Qg6 23. b3 axb3 24. Rxb3 Rxb3 25. axb3 Ra8 26. Rb1 h5 27. b4 cxb4 28. Rxb4 h4 29. g4 Bg5 30. Rb7 Rc8 31. c5 Bf4 32. cxd6 cxd6 33. Rd7 Qe8 34. Nf6+ 1-0

[Event "Chess.com Classic Play In"]
[Site "Chess.com INT"]
[Date "2025.05.19"]
[Round "9"]
[White "Karthikeyan, Murali"]
[Black "Gharibyan, Mamikon"]
[Result "0-1"]
[WhiteElo "2658"]
[BlackElo "2472"]
[PlyCount "70"]
[EventDate "2025.05.19"]
[EventType "swiss (blitz)"]
[EventRounds "9"]
[EventCountry "USA"]
[SourceTitle "CB21_2025"]
[SourceDate "2025.05.21"]
[SourceVersion "1"]
[SourceVersionDate "2025.05.21"]
[SourceQuality "1"]

1. b4 e5 2. a3 d5 3. Bb2 Bd6 4. e3 Nf6 5. c4 c6 6. Nf3 Qe7 7. Nc3 0-0 8. cxd5 cxd5 9. Nb5 Nc6 10. Nxd6 Qxd6 11. b5 e4 12. bxc6 exf3 13. cxb7 fxg2 14. Bxg2 Bxb7 15. Rg1 Qxh2 16. Kf1 Qh4 17. d3 Ng4 18. Qe2 Ba6 19. Rd1 h5 20. Bf3 Rab8 21. Bxg7 Bxd3 22. Bxg4 Bxe2+ 23. Bxe2 Qh3+ 24. Ke1 Qh2 25. Rg5 f6 26. Bxf6+ Kf7 27. Be5 Qh1+ 28. Kd2 Qe4 29. Bxh5+ Ke7 30. Rg7+ Ke6 31. f4 Rbc8 32. Bg4+ Rf5 33. Bxf5+ Qxf5 34. Rdg1 Rc2+ 35. Ke1 Qd3 0-1

[Event "Asia-ch"]
[Site "Al Ain"]
[Date "2025.05.13"]
[Round "7"]
[White "Karthikeyan, Murali"]
[Black "Lobanov, Sergei"]
[Result "1/2-1/2"]
[WhiteElo "2658"]
[BlackElo "2527"]
[PlyCount "58"]
[EventDate "2025.05.07"]
[EventType "swiss"]
[EventRounds "9"]
[EventCountry "UAE"]
[SourceTitle "CB21_2025"]
[SourceDate "2025.05.21"]
[SourceVersion "1"]
[SourceVersionDate "2025.05.21"]
[SourceQuality "1"]

1. d4 d5 2. c4 e6 3. Nf3 Nf6 4. g3 dxc4 5. Bg2 Nbd7 6. 0-0 c6 7. a4 b6 8. Qc2 Bb7 9. Qxc4 c5 10. Nc3 Rc8 11. Rd1 Be7 12. Ne5 Bxg2 13. Kxg2 0-0 14. Bf4 cxd4 15. Qxd4 Nxe5 16. Qxe5 Qe8 17. Qb5 Rc6 18. Qa6 Qa8 19. Kg1 h6 20. Nb5 Rc2 21. Qxa7 Qxa7 22. Nxa7 Ra8 23. Nb5 Rxb2 24. Kf1 Rb4 25. Bd6 Bxd6 26. Nxd6 Rbxa4 27. Rxa4 Rxa4 28. Rc1 Ra8 29. Rc7 Ne8 1/2-1/2

[Event "Asia-ch Blitz"]
[Site "Al Ain"]
[Date "2025.05.10"]
[Round "5"]
[White "Karthikeyan, Murali"]
[Black "Ilamparthi, AR."]
[Result "1-0"]
[WhiteElo "2658"]
[BlackElo "2469"]
[PlyCount "113"]
[EventDate "2025.05.10"]
[EventType "swiss (blitz)"]
[EventRounds "9"]
[EventCountry "UAE"]
[SourceTitle "CB20_2025"]
[SourceDate "2025.05.14"]
[SourceVersion "1"]
[SourceVersionDate "2025.05.14"]
[SourceQuality "1"]

1. Nf3 Nf6 2. b3 g6 3. Bb2 Bg7 4. g3 d6 5. d4 c5 6. Bg2 0-0 7. 0-0 cxd4 8. Nxd4 d5 9. c4 e5 10. Nf3 e4 11. Nd4 e3 12. f4 dxc4 13. Nb5 Qb6 14. N1a3 Rd8 15. Bd4 Qa5 16. Qe1 Qxe1 17. Raxe1 Nc6 18. Bxf6 Bxf6 19. Nxc4 Nd4 20. Nc7 Rb8 21. Nxe3 Bg7 22. Kf2 Bd7 23. Rc1 a5 24. Rfd1 a4 25. b4 a3 26. Rd3 Bc6 27. Ncd5 Bb5 28. Rd2 Kf8 29. Rcd1 Nc6 30. Nc7 Rxd2 31. Rxd2 Ba4 32. b5 Nb4 33. Ned5 Nxd5 34. Bxd5 b6 35. Bc4 Rc8 36. Rd7 Kg8 37. Rxf7 Kh8 38. Kf3 Bc2 39. g4 Bf8 40. Rd7 Bb1 41. Bb3 Bc5 42. e4 Rf8 43. Ne6 Rc8 44. Nxc5 Rxc5 45. e5 Rc3+ 46. Ke2 Bc2 47. Bd5 Ba4 48. Rd8+ Kg7 49. g5 Bxb5+ 50. Kd2 Rd3+ 51. Kc2 h6 52. e6 hxg5 53. fxg5 Rd4 54. Kc3 Rd3+ 55. Kb4 Be8 56. e7 Rd2 57. Bb3 1-0

[Event "Asia-ch Blitz"]
[Site "Al Ain"]
[Date "2025.05.10"]
[Round "1"]
[White "Karthikeyan, Murali"]
[Black "Saravana, Krishnan P"]
[Result "1-0"]
[WhiteElo "2658"]
[BlackElo "2231"]
[PlyCount "77"]
[EventDate "2025.05.10"]
[EventType "swiss (blitz)"]
[EventRounds "9"]
[EventCountry "UAE"]
[SourceTitle "CB20_2025"]
[SourceDate "2025.05.14"]
[SourceVersion "1"]
[SourceVersionDate "2025.05.14"]
[SourceQuality "1"]

1. d4 d5 2. Nf3 Nf6 3. c4 c6 4. e3 Bf5 5. Nc3 e6 6. Bd3 Bg6 7. 0-0 Nbd7 8. Qe2 Be7 9. e4 dxe4 10. Nxe4 Nxe4 11. Bxe4 Bxe4 12. Qxe4 0-0 13. Be3 a5 14. Rfd1 a4 15. Qc2 Qa5 16. h3 Rfd8 17. Rd3 Rac8 18. Rad1 b5 19. b3 axb3 20. axb3 g6 21. Qc1 bxc4 22. bxc4 Qa4 23. Bg5 Bxg5 24. Nxg5 Nb6 25. Qf4 Qa7 26. Qh4 f5 27. Nxe6 Re8 28. d5 cxd5 29. cxd5 Rc2 30. d6 Rxe6 31. d7 Nxd7 32. Rxd7 Re1+ 33. Kh2 Qb8+ 34. f4 Rxg2+ 35. Kxg2 Qb2+ 36. R1d2 Re2+ 37. Rxe2 Qxe2+ 38. Qf2 Qe4+ 39. Kh2 1-0

[Event "Asia-ch"]
[Site "Al Ain"]
[Date "2025.05.08"]
[Round "2"]
[White "Lou, Yiping"]
[Black "Karthikeyan, Murali"]
[Result "0-1"]
[WhiteElo "2467"]
[BlackElo "2658"]
[PlyCount "72"]
[EventDate "2025.05.07"]
[EventType "swiss"]
[EventRounds "9"]
[EventCountry "UAE"]
[SourceTitle "CB21_2025"]
[SourceDate "2025.05.21"]
[SourceVersion "1"]
[SourceVersionDate "2025.05.21"]
[SourceQuality "1"]

1. d4 Nf6 2. c4 e6 3. Nc3 Bb4 4. Qc2 c5 5. dxc5 0-0 6. a3 Bxc5 7. Nf3 d5 8. e3 Nc6 9. Be2 d4 10. exd4 Nxd4 11. Nxd4 Bxd4 12. 0-0 Bd7 13. Bg5 Bxc3 14. bxc3 h6 15. Bh4 Bc6 16. Rad1 Qe7 17. Qc1 e5 18. c5 Rad8 19. Qe3 Qe6 20. Bg3 Ne4 21. Bh4 Rxd1 22. Rxd1 Qb3 23. Rc1 Qxa3 24. f3 Qxc5 25. Bf2 Qxe3 26. Bxe3 Nf6 27. Bxa7 Ra8 28. Bc5 Ra5 29. Bb4 Ra2 30. Bc4 Rd2 31. Rf1 b5 32. Bb3 Rb2 33. Bd1 Nd5 34. Ba3 Ra2 35. Bc1 Nxc3 36. Be3 Bd5 0-1

[Event "Menorca op-A 4th"]
[Site "Ciutadella"]
[Date "2025.04.26"]
[Round "7"]
[White "Cuenca Jimenez, Jose Fernando"]
[Black "Karthikeyan, Murali"]
[Result "0-1"]
[WhiteElo "2487"]
[BlackElo "2651"]
[PlyCount "92"]
[EventDate "2025.04.22"]
[EventType "swiss"]
[EventRounds "9"]
[EventCountry "ESP"]
[SourceTitle "CB18_2025"]
[SourceDate "2025.04.30"]
[SourceVersion "1"]
[SourceVersionDate "2025.04.30"]
[SourceQuality "1"]

1. d4 Nf6 2. c4 e6 3. Nc3 Bb4 4. Qc2 d6 5. Bg5 h6 6. Bh4 Bxc3+ 7. Qxc3 g5 8. Bg3 Ne4 9. Qc2 f5 10. e3 Bd7 11. Bd3 Nxg3 12. hxg3 Nc6 13. a3 Qf6 14. Ne2 h5 15. Qc3 Ne7 16. f3 h4 17. gxh4 Rxh4 18. 0-0-0 0-0-0 19. Rxh4 gxh4 20. Rh1 Rg8 21. Qe1 Ng6 22. g3 hxg3 23. Qxg3 e5 24. Rh5 Be6 25. Rg5 Ne7 26. Rxg8+ Bxg8 27. b3 Bf7 28. Bc2 a6 29. f4 exd4 30. Nxd4 c5 31. Nf3 Qc3 32. Nd2 d5 33. Nb1 Qf6 34. cxd5 Nxd5 35. Qh3 Be6 36. Qg3 Nc3 37. Qg5 Na2+ 38. Kd2 Qb2 39. Qe7 Qc1+ 40. Kd3 Qf1+ 41. Kd2 Qf2+ 42. Kd3 Nc1+ 43. Kc3 Qxe3+ 44. Kb2 Nxb3 45. Bxf5 Qd4+ 46. Nc3 Qd2+ 0-1

[Event "Menorca op-A 4th"]
[Site "Ciutadella"]
[Date "2025.04.24"]
[Round "5"]
[White "Sosa, Tomas"]
[Black "Karthikeyan, Murali"]
[Result "1-0"]
[WhiteElo "2498"]
[BlackElo "2651"]
[PlyCount "99"]
[EventDate "2025.04.22"]
[EventType "swiss"]
[EventRounds "9"]
[EventCountry "ESP"]
[SourceTitle "CB18_2025"]
[SourceDate "2025.04.30"]
[SourceVersion "1"]
[SourceVersionDate "2025.04.30"]
[SourceQuality "1"]

1. b3 e5 2. Bb2 Nc6 3. c4 g6 4. g3 Bg7 5. Bg2 Nge7 6. Nc3 d6 7. d3 Be6 8. Nd5 0-0 9. Qd2 a5 10. e4 Nd4 11. Bxd4 exd4 12. Ne2 c6 13. Ndf4 Bd7 14. h4 b5 15. cxb5 cxb5 16. h5 Rc8 17. hxg6 hxg6 18. 0-0 b4 19. Bh3 Bxh3 20. Nxh3 d5 21. Rac1 Rc3 22. Nxc3 dxc3 23. Qg5 Nc6 24. Qxd5 Qxd5 25. exd5 Nd4 26. Kg2 Rd8 27. Rfe1 Bh6 28. f4 Kf8 29. Ng1 Rxd5 30. Nf3 Ne6 31. d4 Bg7 32. Rcd1 Bf6 33. Kf2 g5 34. Ke3 a4 35. Ne5 gxf4+ 36. gxf4 axb3 37. axb3 Rd6 38. Rg1 Bd8 39. Nc4 Rd5 40. Ke4 Rb5 41. Ra1 f5+ 42. Ke3 Bc7 43. Ra8+ Rb8 44. Rxb8+ Bxb8 45. Ne5 Bc7 46. Rf1 Ke8 47. Kd3 Bb6 48. Nc6 Kd7 49. Nxb4 Bxd4 50. Nd5 1-0

[Event "Qatar Masters op-A"]
[Site "Doha"]
[Date "2024.12.05"]
[Round "3"]
[White "Raja, Rithvik R"]
[Black "Karthikeyan, Murali"]
[Result "1/2-1/2"]
[WhiteElo "2521"]
[BlackElo "2637"]
[PlyCount "90"]
[EventDate "2024.12.03"]
[EventType "swiss"]
[EventRounds "9"]
[EventCountry "QAT"]
[SourceTitle "CB51_2024"]
[SourceDate "2024.12.18"]
[SourceVersion "1"]
[SourceVersionDate "2024.12.18"]
[SourceQuality "1"]

1. e4 c5 2. Nf3 Nc6 3. Bb5 e6 4. 0-0 Nge7 5. d4 cxd4 6. Nxd4 Qb6 7. Nxc6 dxc6 8. Bc4 Ng6 9. Kh1 e5 10. Qf3 Qc7 11. a4 Bc5 12. Nd2 0-0 13. Nb3 Bd6 14. Be3 Kh8 15. Rfd1 b6 16. Qh5 f5 17. exf5 Bxf5 18. Rd2 c5 19. Rad1 Be7 20. Nc1 Rad8 21. Rxd8 Bxd8 22. Rd2 Nf4 23. Bxf4 exf4 24. h3 Qe7 25. Re2 Qd7 26. Nd3 Bc7 27. Bb5 Qd6 28. Qf3 g5 29. Bc4 Qd7 30. Rd2 g4 31. hxg4 Bxg4 32. Qd5 f3 33. Qxd7 fxg2+ 34. Kg1 Bxd7 35. Nxc5 Bc6 36. Ne6 Re8 37. b3 h5 38. Rd3 Kh7 39. Re3 Bd6 40. Ng5+ Kg7 41. Rxe8 Bxe8 42. Kxg2 Bd7 43. f3 Be7 44. Be6 Bxa4 45. bxa4 Bxg5 1/2-1/2

[Event "Qatar Masters op-A"]
[Site "Doha"]
[Date "2024.12.03"]
[Round "1"]
[White "Arun, Kataria"]
[Black "Karthikeyan, Murali"]
[Result "0-1"]
[WhiteElo "2370"]
[BlackElo "2637"]
[PlyCount "128"]
[EventDate "2024.12.03"]
[EventType "swiss"]
[EventRounds "9"]
[EventCountry "QAT"]
[SourceTitle "CB51_2024"]
[SourceDate "2024.12.18"]
[SourceVersion "1"]
[SourceVersionDate "2024.12.18"]
[SourceQuality "1"]

1. e4 c5 2. Nf3 Nc6 3. d4 cxd4 4. Nxd4 e5 5. Nb5 d6 6. c4 a6 7. N5c3 g6 8. Be3 Bg7 9. Nd5 Nd4 10. Nbc3 Be6 11. Rc1 Nf6 12. Bxd4 exd4 13. Qxd4 0-0 14. Qb6 Bxd5 15. Qxd8 Rfxd8 16. cxd5 Rac8 17. Bd3 b5 18. 0-0 Nd7 19. Bb1 Rc5 20. f4 Bd4+ 21. Kh1 Rdc8 22. Rce1 Nb6 23. Nd1 Rc1 24. Nc3 Rxe1 25. Rxe1 b4 26. Ne2 Bxb2 27. Bd3 a5 28. Rb1 Na4 29. Kg1 Bf6 30. Rc1 Rxc1+ 31. Nxc1 Nc3 32. Kf2 a4 33. Bc4 Nxe4+ 34. Ke3 Nc3 35. Kd3 Kg7 36. Kc2 Kh6 37. Nd3 Ne2 38. Nxb4 Nxf4 39. g3 Nh5 40. Bb5 a3 41. Kb3 Bd4 42. Kxa3 Bg1 43. g4 Nf4 44. h4 Bf2 45. Kb3 Bxh4 46. a4 Kg5 47. Bd7 Bf2 48. Kc4 h5 49. gxh5 gxh5 50. Nc6 h4 51. a5 f5 52. a6 h3 53. Nd4 Bxd4 54. Kxd4 h2 55. a7 h1Q 56. a8Q Qd1+ 57. Kc3 Nxd5+ 58. Kb2 Qd2+ 59. Ka1 Qc1+ 60. Ka2 Qc2+ 61. Ka1 Nc3 62. Qg8+ Kf4 63. Qc4+ Kg3 64. Bxf5 Qc1+ 0-1

[Event "Tashkent President op 3rd"]
[Site "Tashkent"]
[Date "2024.11.25"]
[Round "5"]
[White "Karthikeyan, Murali"]
[Black "Nihal, Sarin"]
[Result "1/2-1/2"]
[WhiteElo "2625"]
[BlackElo "2676"]
[PlyCount "80"]
[EventDate "2024.11.21"]
[EventType "swiss"]
[EventRounds "9"]
[EventCountry "UZB"]
[SourceTitle "CB49_2024"]
[SourceDate "2024.12.04"]
[SourceVersion "1"]
[SourceVersionDate "2024.12.04"]
[SourceQuality "1"]

1. d4 d5 2. Nf3 Nf6 3. Bf4 c5 4. e3 e6 5. Nbd2 Qb6 6. Rb1 cxd4 7. exd4 Bd7 8. c3 Bb5 9. Bxb5+ Qxb5 10. a4 Qa6 11. Qb3 Nbd7 12. Qb5 Qb6 13. Ke2 Nh5 14. Be5 f6 15. Bg3 Bd6 16. Qxb6 Nxg3+ 17. hxg3 Nxb6 18. a5 Nc8 19. b4 Ne7 20. c4 dxc4 21. Nxc4 Kd7 22. b5 Nd5 23. Kd3 h6 24. Nfd2 Rhc8 25. Rhc1 Be7 26. Rb3 b6 27. Ra1 Rab8 28. Ne3 Nxe3 29. fxe3 bxa5 30. Rxa5 Rb7 31. g4 g6 32. Rb1 Rcb8 33. Rh1 Bf8 34. Ne4 f5 35. gxf5 gxf5 36. Nc5+ Bxc5 37. dxc5 Rxb5 38. Rxa7+ R8b7 39. Rxb7+ Rxb7 40. Rxh6 Rb3+ 1/2-1/2

[Event "Tashkent President op 3rd"]
[Site "Tashkent"]
[Date "2024.11.22"]
[Round "2"]
[White "Karthikeyan, Murali"]
[Black "Nazari, Arad"]
[Result "1-0"]
[WhiteElo "2625"]
[BlackElo "2401"]
[PlyCount "69"]
[EventDate "2024.11.21"]
[EventType "swiss"]
[EventRounds "9"]
[EventCountry "UZB"]
[SourceTitle "CB49_2024"]
[SourceDate "2024.12.04"]
[SourceVersion "1"]
[SourceVersionDate "2024.12.04"]
[SourceQuality "1"]

1. d4 Nf6 2. c4 g6 3. h4 Bg7 4. Nc3 Nc6 5. d5 Ne5 6. e4 d6 7. Be2 h5 8. Nf3 Nxf3+ 9. gxf3 c6 10. Be3 0-0 11. Qd2 cxd5 12. cxd5 e6 13. dxe6 Bxe6 14. Rd1 Qa5 15. Rg1 d5 16. exd5 Rfd8 17. dxe6 Rxd2 18. exf7+ Kh8 19. Rxd2 Qc7 20. Rxg6 Qxf7 21. Rg5 Nh7 22. Rgd5 Re8 23. Ne4 Qg6 24. Kf1 Rg8 25. Ng5 Nxg5 26. Rxg5 Qf7 27. Rdd5 Rc8 28. Rxh5+ Kg8 29. Bd1 a5 30. Rxa5 Rc1 31. Bxc1 Qc4+ 32. Kg2 Qxc1 33. Bb3+ Kf8 34. Rhf5+ Ke8 35. Ra8+ 1-0

[Event "Tashkent President op 3rd"]
[Site "Tashkent"]
[Date "2024.11.21"]
[Round "1"]
[White "Timoshin, Maxim"]
[Black "Karthikeyan, Murali"]
[Result "0-1"]
[WhiteElo "2361"]
[BlackElo "2625"]
[PlyCount "106"]
[EventDate "2024.11.21"]
[EventType "swiss"]
[EventRounds "9"]
[EventCountry "UZB"]
[SourceTitle "CB49_2024"]
[SourceDate "2024.12.04"]
[SourceVersion "1"]
[SourceVersionDate "2024.12.04"]
[SourceQuality "1"]

1. d4 Nf6 2. c4 e6 3. Nc3 d5 4. cxd5 exd5 5. Bg5 c6 6. e3 Bd6 7. Bd3 0-0 8. Qc2 h6 9. Bh4 Re8 10. Nge2 a5 11. h3 Na6 12. a3 Bd7 13. 0-0 b5 14. Rae1 Nc7 15. Bg3 Qe7 16. Bxd6 Qxd6 17. Ng3 Ne6 18. Nf5 Qf8 19. f4 Rab8 20. g4 b4 21. axb4 axb4 22. Na4 Ne4 23. Bxe4 dxe4 24. Ng3 b3 25. Qc3 Qb4 26. Ra1 Qe7 27. Rfc1 Nc7 28. Nc5 Nd5 29. Qe1 Bc8 30. Ra3 f5 31. Nxf5 Bxf5 32. gxf5 Qf7 33. Kh2 Re7 34. Qg3 Qxf5 35. Rg1 Qh5 36. f5 Rbe8 37. Ne6 Qe2+ 38. Rg2 Qxe3 39. Rxb3 Qxg3+ 40. Rbxg3 g5 41. h4 Kf7 42. hxg5 hxg5 43. Rxg5 Rh8+ 44. Kg1 e3 45. Rg6 Rh5 46. Rg8 Kf6 47. Rf8+ Rf7 48. Rxf7+ Kxf7 49. Ng5+ Ke7 50. Ne4 Nf4 51. Rg7+ Kf8 52. Rg3 e2 53. Re3 Rh3 0-1